[Event "BRA-ch U16 Girls"]
[Site "Florianopolis"]
[Date "2021.07.03"]
[Round "4"]
[White "Novello, Gabriela Brasil"]
[Black "Nobrega, Juliana Barbosa"]
[Result "0-1"]
[WhiteElo "1188"]
[BlackElo "1703"]
[PlyCount "68"]
[EventDate "2021.07.01"]
[EventType "swiss"]
[EventRounds "6"]
[EventCountry "BRA"]
[SourceTitle "CBM 203 Extra"]
[Source "ChessBase"]
[SourceDate "2021.09.30"]
[SourceVersion "1"]
[SourceVersionDate "2021.09.30"]
[SourceQuality "1"]

1. d4 d5 2. c4 e6 3. Nf3 Nf6 4. Nc3 Be7 5. e3 c5 6. Be2 0-0 7. 0-0 b6 8. Bd3 Nc6 9. a3 Qd6 10. cxd5 Nxd5 11. Nb5 Qd7 12. Qc2 h6 13. e4 Nc7 14. dxc5 Bxc5 15. b4 Be7 16. Bf4 Nxb5 17. Bxb5 Nd4 18. Nxd4 Qxd4 19. Bc6 Qf6 20. Bg3 Ba6 21. b5 Rac8 22. Qa4 Bxb5 23. Qxb5 g6 24. a4 h5 25. a5 h4 26. Be5 Qg5 27. f4 Bc5+ 28. Kh1 Qh6 29. axb6 Bxb6 30. Rad1 Rfd8 31. Rxd8+ Rxd8 32. Bf6 Rb8 33. Rb1 h3 34. g3 Qf8 0-1

[Event "BRA-ch U16 Girls"]
[Site "Florianopolis"]
[Date "2021.07.02"]
[Round "2"]
[White "Novello, Gabriela Brasil"]
[Black "May, Taina Beckauser"]
[Result "1-0"]
[WhiteElo "1188"]
[BlackElo "1088"]
[PlyCount "51"]
[EventDate "2021.07.01"]
[EventType "swiss"]
[EventRounds "6"]
[EventCountry "BRA"]
[SourceTitle "CBM 203 Extra"]
[Source "ChessBase"]
[SourceDate "2021.09.30"]
[SourceVersion "1"]
[SourceVersionDate "2021.09.30"]
[SourceQuality "1"]

1. d4 d5 2. c4 e6 3. Nf3 Nf6 4. Nc3 Bb4 5. Bg5 Nbd7 6. Bxf6 Nxf6 7. Qa4+ Qd7 8. Qxb4 b6 9. e3 Bb7 10. Be2 Rc8 11. Ne5 c5 12. Qb5 Bc6 13. Nxd7 Bxb5 14. Nxf6+ gxf6 15. Nxb5 Rd8 16. Nxa7 Rg8 17. cxd5 exd5 18. Bb5+ Kf8 19. dxc5 bxc5 20. 0-0 Rb8 21. Rfd1 Rg5 22. a4 Rb7 23. Nc6 Rb6 24. a5 Rxb5 25. a6 Rg8 26. a7 1-0

[Event "BRA-ch U16 Girls"]
[Site "Florianopolis"]
[Date "2021.07.01"]
[Round "1"]
[White "Cassel, Amanda Barpi"]
[Black "Novello, Gabriela Brasil"]
[Result "1-0"]
[WhiteElo "1458"]
[BlackElo "1188"]
[PlyCount "131"]
[EventDate "2021.07.01"]
[EventType "swiss"]
[EventRounds "6"]
[EventCountry "BRA"]
[SourceTitle "CBM 203 Extra"]
[Source "ChessBase"]
[SourceDate "2021.09.30"]
[SourceVersion "1"]
[SourceVersionDate "2021.09.30"]
[SourceQuality "1"]

1. e4 c5 2. Nf3 d6 3. Bb5+ Bd7 4. Bxd7+ Nxd7 5. 0-0 Ngf6 6. Nc3 g6 7. d3 Bg7 8. Ng5 0-0 9. f4 e6 10. Qe1 Nb6 11. Qg3 Nh5 12. Qh3 h6 13. Nf3 f5 14. Nh4 Kh7 15. Bd2 Bd4+ 16. Kh1 Qf6 17. Nf3 Rad8 18. Nxd4 Qxd4 19. Rae1 Na4 20. exf5 exf5 21. Re7+ Kg8 22. Rxb7 Nxc3 23. Bxc3 Qa4 24. g4 Qc6+ 25. Qg2 Qxg2+ 26. Kxg2 fxg4 27. Rxa7 Rxf4 28. Rxf4 Nxf4+ 29. Kf2 Nd5 30. Rg7+ Kf8 31. Rxg6 Ra8 32. Bg7+ Kf7 33. Rxd6 Kxg7 34. Rxd5 Rxa2 35. Rxc5 Rxb2 36. Kg3 h5 37. c3 Rb3 38. Rxh5 Rxc3 39. Rd5 Kf6 40. Kxg4 Ke6 41. Rd8 Ke7 42. Rd4 Rc2 43. h4 Rh2 44. h5 Kf6 45. Rf4+ Kg7 46. Kg5 Rg2+ 47. Rg4 Rf2 48. h6+ Kh7 49. Rh4 Rg2+ 50. Kf5 Rg6 51. d4 Rd6 52. Ke5 Rd8 53. d5 Rd7 54. Ke6 Rd8 55. d6 Re8+ 56. Kd7 Rf8 57. Ke7 Ra8 58. d7 Ra7 59. Ke8 Ra8+ 60. d8Q Rxd8+ 61. Kxd8 Kh8 62. h7 Kg7 63. h8Q+ Kg6 64. Rf4 Kg5 65. Qf6+ Kh5 66. Rh4# 1-0

[Event "Florianopolis Winter op 5th"]
[Site "Florianopolis"]
[Date "2019.08.31"]
[Round "3"]
[White "Novello, Gabriela Brasil"]
[Black "Da Silva, Kauan Salvagni Tele"]
[Result "1-0"]
[WhiteElo "1162"]
[BlackElo "1076"]
[PlyCount "97"]
[EventDate "2019.08.30"]
[EventType "swiss"]
[EventRounds "7"]
[EventCountry "BRA"]
[SourceTitle "EXT 2020"]
[Source "ChessBase"]
[SourceDate "2019.10.17"]
[SourceVersion "1"]
[SourceVersionDate "2019.10.17"]
[SourceQuality "1"]

1. d4 Nf6 2. c4 e6 3. Nc3 d5 4. Nf3 Nc6 5. Bg5 h6 6. Bxf6 gxf6 7. cxd5 exd5 8. e3 Bb4 9. Bb5 a6 10. Qa4 Bxc3+ 11. bxc3 Bd7 12. Be2 Ne5 13. Qb3 Nxf3+ 14. Bxf3 Be6 15. Qxb7 a5 16. Qb5+ Ke7 17. 0-0 Rg8 18. g3 Qd7 19. Qxd7+ Kxd7 20. c4 c6 21. cxd5 cxd5 22. Rab1 Kc6 23. Rfc1+ Kd7 24. Rc5 Ke7 25. Bxd5 Bxd5 26. Rxd5 Kf8 27. Rbb5 a4 28. Ra5 Rxa5 29. Rxa5 Kg7 30. Rxa4 Kg6 31. Kg2 f5 32. Ra6+ f6 33. Kf3 Kg5 34. h4+ Kh5 35. Rxf6 Ra8 36. Rxf5+ Kg6 37. Re5 Rxa2 38. h5+ Kf7 39. Ke4 Ra8 40. Kf5 Rg8 41. d5 Rg5+ 42. Kf4 Rg8 43. g4 Kg7 44. Ke4 Ra8 45. f4 Ra4+ 46. Kf5 Ra8 47. d6 Rd8 48. Re7+ Kf8 49. Ke6 1-0

[Event "Florianopolis Winter op 5th"]
[Site "Florianopolis"]
[Date "2019.08.31"]
[Round "5"]
[White "Novello, Gabriela Brasil"]
[Black "Dias Filho, Pedro Stein"]
[Result "1-0"]
[WhiteElo "1162"]
[BlackElo "1489"]
[PlyCount "95"]
[EventDate "2019.08.30"]
[EventType "swiss"]
[EventRounds "7"]
[EventCountry "BRA"]
[SourceTitle "EXT 2020"]
[Source "ChessBase"]
[SourceDate "2019.10.17"]
[SourceVersion "1"]
[SourceVersionDate "2019.10.17"]
[SourceQuality "1"]

1. d4 Nf6 2. c4 e5 3. dxe5 Ng4 4. Nf3 Nc6 5. e3 Ngxe5 6. Nc3 Bb4 7. Bd2 d6 8. Be2 0-0 9. a3 Ba5 10. b4 Bb6 11. 0-0 a6 12. Nd5 Ba7 13. Bc3 Nxf3+ 14. Bxf3 Ne5 15. Bxe5 dxe5 16. Bg4 f5 17. Be2 c6 18. Nc3 Qf6 19. Qc2 Be6 20. c5 Rad8 21. Rad1 Bb8 22. Rxd8 Rxd8 23. f3 Qg5 24. Nd1 Rf8 25. Bc4 Qf6 26. Bxe6+ Qxe6 27. Nf2 Rf6 28. Rd1 Bc7 29. Qd3 Rf7 30. Nh3 h6 31. f4 e4 32. Qe2 Qb3 33. Ra1 Rd7 34. Nf2 b6 35. Qxa6 Qxe3 36. Qc8+ Rd8 37. Qxc7 Rd2 38. Rf1 bxc5 39. Qc8+ Kh7 40. Qxf5+ Kh8 41. Qxc5 Qxa3 42. Nxe4 Rb2 43. Qxc6 Qxb4 44. Qc3 Qb6+ 45. Qc5 Qb3 46. f5 Rb1 47. Nd2 Qb5 48. Qc8+ 1-0

[Event "Florianopolis op 5th"]
[Site "Florianopolis"]
[Date "2019.01.25"]
[Round "7"]
[White "Novello, Gabriela Brasil"]
[Black "Henriquetta, Rafael Stolf"]
[Result "0-1"]
[WhiteElo "1186"]
[BlackElo "1450"]
[PlyCount "64"]
[EventDate "2019.01.21"]
[EventType "swiss"]
[EventRounds "10"]
[EventCountry "BRA"]
[SourceTitle "EXT 2020"]
[Source "ChessBase"]
[SourceDate "2019.10.17"]
[SourceVersion "1"]
[SourceVersionDate "2019.10.17"]
[SourceQuality "1"]

1. e4 c5 2. Nf3 g6 3. Nc3 Bg7 4. Bc4 Nc6 5. d3 e6 6. 0-0 Nge7 7. Re1 0-0 8. Be3 d5 9. Bxc5 dxc4 10. Bxe7 Qxe7 11. dxc4 Rd8 12. Qe2 Bxc3 13. bxc3 b6 14. Rad1 Ba6 15. Nd4 Qc5 16. Nb5 Na5 17. Rxd8+ Rxd8 18. Nxa7 Bxc4 19. Qe3 Qxe3 20. fxe3 Ra8 21. Nb5 Bxb5 22. Rb1 Bc6 23. Rxb6 Bxe4 24. Rb2 Nc4 25. Rb4 Bd5 26. e4 Bxe4 27. Rxc4 Bxc2 28. Kf2 Rxa2 29. Ke3 Ra4 30. Rc8+ Kg7 31. Kd2 Bb3 32. Kd3 Bd5 0-1

[Event "Florianopolis Regional STD op"]
[Site "Florianopolis"]
[Date "2018.10.12"]
[Round "2"]
[White "Novello, Gabriela Brasil"]
[Black "Szuba, Joao Gabriel Muniz"]
[Result "0-1"]
[WhiteElo "1190"]
[BlackElo "1678"]
[PlyCount "108"]
[EventDate "2018.10.12"]
[EventType "swiss"]
[EventRounds "6"]
[EventCountry "BRA"]
[SourceTitle "CBM 186 Extra"]
[Source "ChessBase"]
[SourceDate "2018.08.24"]
[SourceVersion "1"]
[SourceVersionDate "2018.08.24"]
[SourceQuality "1"]

1. e4 e5 2. Nf3 Nc6 3. Nc3 Bc5 4. Bb5 Nge7 5. 0-0 a6 6. Bxc6 Nxc6 7. Nxe5 Nxe5 8. d4 Bd6 9. dxe5 Bxe5 10. Bd2 d6 11. Rb1 Qh4 12. h3 Bxh3 13. Qf3 Bg4 14. g3 Qh5 15. Qh1 Qg6 16. Nd5 Kd7 17. Qh4 Rae8 18. Qg5 Qxe4 19. Nc3 Qf5 20. Qxf5+ Bxf5 21. Rfc1 b5 22. b4 h5 23. a4 c6 24. axb5 axb5 25. Ra1 Ra8 26. Rxa8 Rxa8 27. Ne2 Ra2 28. Bc3 Bxc3 29. Nxc3 Rxc2 30. Rxc2 Bxc2 31. f4 Ke6 32. Kf2 Kf5 33. Kf3 Bd3 34. Nd1 c5 35. Ne3+ Ke6 36. bxc5 dxc5 37. Nd1 b4 38. Ke3 Bb5 39. Kd2 Kd5 40. Kc2 Ba4+ 41. Kc1 Bxd1 42. Kxd1 b3 43. Kc1 c4 44. Kb2 Ke4 45. Kc1 c3 46. Kb1 Kf3 47. f5 Kxg3 48. Kc1 h4 49. Kd1 h3 50. Kc1 h2 51. Kd1 h1Q+ 52. Ke2 Qf3+ 53. Ke1 Qe3+ 54. Kf1 Qf2# 0-1

[Event "BRA-ch U12 Girls"]
[Site "Florianopolis"]
[Date "2018.04.30"]
[Round "5"]
[White "Novello, Gabriela Brasil"]
[Black "Parreira, Teodora Ribeiro"]
[Result "0-1"]
[WhiteElo "1748"]
[BlackElo "1480"]
[PlyCount "96"]
[EventDate "2018.04.28"]
[EventType "swiss"]
[EventRounds "6"]
[EventCountry "BRA"]
[SourceTitle "EXT 2021"]
[Source "ChessBase"]
[SourceDate "2020.10.23"]
[SourceVersion "1"]
[SourceVersionDate "2020.10.23"]
[SourceQuality "1"]

1. d4 Nf6 2. c4 g6 3. Nf3 Bg7 4. g3 d6 5. Bg2 0-0 6. 0-0 Nbd7 7. Nc3 e5 8. b3 Re8 9. e3 c6 10. Re1 Qe7 11. Bb2 Nf8 12. Qe2 e4 13. Nd2 Bf5 14. f3 exf3 15. Nxf3 h5 16. Rad1 N8h7 17. d5 c5 18. Nd2 Bg4 19. Bf3 Bxf3 20. Qxf3 Ng5 21. Qe2 Ng4 22. h4 Nh7 23. e4 Bd4+ 24. Kg2 Ne3+ 25. Kh1 Nxd1 26. Nxd1 Bxb2 27. Nxb2 Qe5 28. Nf3 Qxg3 29. Qg2 Qxg2+ 30. Kxg2 Nf6 31. e5 dxe5 32. Nxe5 Ng4 33. Nbd3 Nxe5 34. Nxe5 f6 35. Nf3 Rxe1 36. Nxe1 Kf7 37. Kf3 Ke7 38. Nd3 Kd6 39. b4 cxb4 40. Nxb4 Rc8 41. Nd3 Rxc4 42. Nf4 Rxf4+ 43. Kxf4 Kxd5 44. a3 b5 45. Ke3 a5 46. Kd3 b4 47. a4 g5 48. Kc2 g4 0-1

[Event "BRA-ch U12 Girls"]
[Site "Florianopolis"]
[Date "2018.04.29"]
[Round "3"]
[White "Novello, Gabriela Brasil"]
[Black "Blau, Emily Camile"]
[Result "0-1"]
[WhiteElo "1748"]
[BlackElo "1210"]
[PlyCount "60"]
[EventDate "2018.04.28"]
[EventType "swiss"]
[EventRounds "6"]
[EventCountry "BRA"]
[SourceTitle "EXT 2021"]
[Source "ChessBase"]
[SourceDate "2020.10.23"]
[SourceVersion "1"]
[SourceVersionDate "2020.10.23"]
[SourceQuality "1"]

1. d4 d5 2. c4 e6 3. Nf3 Nf6 4. g3 dxc4 5. e3 b5 6. Nfd2 Bb7 7. Nf3 c5 8. Bg2 cxd4 9. exd4 Bb4+ 10. Nc3 0-0 11. 0-0 a6 12. Bd2 Re8 13. a3 Bd6 14. Re1 Nbd7 15. Ne5 Bxg2 16. Kxg2 Bxe5 17. dxe5 Nd5 18. Re2 Qc7 19. f4 Qc6 20. Kf1 Nc5 21. Rb1 Nxc3 22. Bxc3 Red8 23. Qc2 Qh1+ 24. Kf2 Nd3+ 25. Ke3 Qd5 26. Rd1 Qc5+ 27. Kf3 Rd7 28. Rdd2 Rad8 29. b4 Qc6+ 30. Ke3 Qb6+ 0-1

[Event "BRA-ch U12 Girls"]
[Site "Florianopolis"]
[Date "2018.04.28"]
[Round "2"]
[White "Feller, Isadora Cristina Vi"]
[Black "Novello, Gabriela Brasil"]
[Result "0-1"]
[WhiteElo "1175"]
[BlackElo "1748"]
[PlyCount "78"]
[EventDate "2018.04.28"]
[EventType "swiss"]
[EventRounds "6"]
[EventCountry "BRA"]
[SourceTitle "EXT 2021"]
[Source "ChessBase"]
[SourceDate "2020.10.23"]
[SourceVersion "1"]
[SourceVersionDate "2020.10.23"]
[SourceQuality "1"]

1. e4 d5 2. exd5 Qxd5 3. Nc3 Qd6 4. Nf3 Nf6 5. Bc4 g6 6. 0-0 Bg7 7. d4 0-0 8. Bg5 e6 9. Qd2 b6 10. Bf4 Qe7 11. Rfe1 Re8 12. d5 Rd8 13. Rad1 c6 14. Bb3 Bb7 15. Qe2 cxd5 16. Qe3 Qd7 17. Bh6 Ng4 18. Qf4 Nxh6 19. Ba4 Nc6 20. Bxc6 Bxc6 21. Ne2 Re8 22. Ned4 Bb7 23. Ne5 Qd6 24. Nb5 Qc5 25. Nc3 Rad8 26. b4 Qxc3 27. Ng4 Nxg4 28. Qxg4 d4 29. Qf4 d3 30. cxd3 Rxd3 31. Rc1 Qf6 32. Qc7 Ba6 33. Qxa7 b5 34. Qxa6 Rd2 35. Rf1 Qg5 36. g3 Qf5 37. Rc8 Bd4 38. Rcc1 Bxf2+ 39. Rxf2 Qxf2+ 0-1